[Event "Baden-ch U14/20 Girls"]
[Site "Schoeneck"]
[Date "2009.01.04"]
[Round "6"]
[White "Burmeister, Sarah"]
[Black "Scheurer, Valerie"]
[Result "1-0"]
[WhiteElo "762"]
[BlackElo "979"]
[PlyCount "95"]
[EventDate "2009.01.02"]
[EventType "swiss"]
[EventRounds "7"]
[EventCountry "GER"]
[SourceTitle "EXT 2010"]
[Source "ChessBase"]
[SourceDate "2010.11.25"]
[SourceVersion "1"]
[SourceVersionDate "2010.11.25"]
[SourceQuality "1"]

1. d3 g6 2. Bg5 Bg7 3. Nf3 Nf6 4. Bxf6 Bxf6 5. e4 d6 6. d4 Nc6 7. c3 0-0 8. Bb5 Bd7 9. 0-0 e5 10. Bxc6 Bxc6 11. d5 Bd7 12. c4 Bg7 13. Nbd2 Bg4 14. Qb3 Rb8 15. a4 a5 16. Qc3 b6 17. Rab1 Qd7 18. Ng5 Qxa4 19. Qg3 Be2 20. Rfe1 Bxc4 21. b3 Bxb3 22. Nxb3 h6 23. Nf3 c6 24. Nfd2 cxd5 25. exd5 Qf4 26. Qxf4 exf4 27. Nc4 Rfd8 28. Nbd2 b5 29. Nxa5 Rb6 30. Nc6 Ra8 31. h3 Kh7 32. Re7 Rf8 33. Ne4 Kh8 34. Nxd6 b4 35. Nc4 Rb5 36. N4e5 Rxd5 37. Rxb4 Kg8 38. Rxf4 f6 39. Nxg6 Rc8 40. Nb4 f5 41. Nxd5 Rd8 42. Rxf5 Kh7 43. Nh4 Kg8 44. Ne3 Bf8 45. Re6 Bb4 46. Rg6+ Kh7 47. Rh5 Bf8 48. Nef5 1-0

[Event "Baden-ch U14/18 Girls"]
[Site "Karlsruhe"]
[Date "2008.01.03"]
[Round "3"]
[White "Scheurer, Valerie"]
[Black "Dohmann, Dorothea"]
[Result "0-1"]
[WhiteElo "771"]
[BlackElo "1093"]
[PlyCount "72"]
[EventDate "2008.01.02"]
[EventType "swiss"]
[EventRounds "7"]
[EventCountry "GER"]
[SourceTitle "EXT 2009"]
[Source "ChessBase"]
[SourceDate "2008.11.26"]
[SourceVersion "1"]
[SourceVersionDate "2008.11.26"]
[SourceQuality "1"]

1. e4 e5 2. Nf3 Nc6 3. Bc4 Bc5 4. c3 Nf6 5. d4 exd4 6. cxd4 Bb4+ 7. Bd2 Nxe4 8. d5 Bxd2+ 9. Nbxd2 Nxd2 10. Qxd2 Qe7+ 11. Be2 Ne5 12. 0-0 d6 13. Bb5+ Bd7 14. Be2 0-0 15. Rac1 Bg4 16. Rc3 Rac8 17. Qf4 Bxf3 18. Bxf3 Nxf3+ 19. Rxf3 c6 20. dxc6 Rxc6 21. Qf5 Qe6 22. Qg5 Qxa2 23. Rg3 Qxb2 24. h4 Qe5 25. Qh6 d5 26. Qd2 Rg6 27. Qd3 Rxg3 28. fxg3 d4 29. Rf4 Qe3+ 30. Qxe3 dxe3 31. Rf3 Re8 32. Kf1 a5 33. Ke2 a4 34. Rxe3 Rxe3+ 35. Kxe3 a3 36. Kd2 a2 0-1